Marisol McDonald no combina = (Record no. 24668)

MARC details
000 -LEADER
fixed length control field 02205cam a2200505 a 4500
001 - CONTROL NUMBER
control field sjds462890
003 - CONTROL NUMBER IDENTIFIER
control field sjds
005 - DATE AND TIME OF LATEST TRANSACTION
control field 20200706100336.0
008 - FIXED-LENGTH DATA ELEMENTS--GENERAL INFORMATION
fixed length control field 110503t20112011caua b 000 1 eng
010 ## - LIBRARY OF CONGRESS CONTROL NUMBER
LC control number 2011012713
020 ## - INTERNATIONAL STANDARD BOOK NUMBER
International Standard Book Number 0892392355
020 ## - INTERNATIONAL STANDARD BOOK NUMBER
International Standard Book Number 9780892392353
Terms of availability $17.95
035 ## - SYSTEM CONTROL NUMBER
System control number (OCoLC)704391532
040 ## - CATALOGING SOURCE
Original cataloging agency DLC
Transcribing agency DLC
Modifying agency BTCTA
-- IFA
-- UtOrBLW
041 0# - LANGUAGE CODE
Language code of text/sound track or separate title eng
-- spa
049 ## - LOCAL HOLDINGS (OCLC)
Holding library IFAA
099 ## - LOCAL FREE-TEXT CALL NUMBER (OCLC)
Filing suffix 2011
100 1# - MAIN ENTRY--PERSONAL NAME
Personal name Brown, Monica,
Dates associated with a name 1969-
Relator term author.
245 10 - TITLE STATEMENT
Title Marisol McDonald no combina =
Remainder of title Marisol McDonald doesn't match/
Statement of responsibility, etc. story / cuento, Monica Brown ; illustrations / ilustraciones, Sara Palacios ; Spanish translation / traduccion al espanol, Adriana Domínguez.
Medium
246 3# - VARYING FORM OF TITLE
Title proper/short title Marisol McDonald does not match
246 30 - VARYING FORM OF TITLE
Title proper/short title Marisol McDonald no combina
260 ## - PUBLICATION, DISTRIBUTION, ETC. (IMPRINT)
Place of publication, distribution, etc. San Francisco :
Name of publisher, distributor, etc. Children's Book Press,
Place of publication, distribution, etc. [Berkley, Calif.] :
Name of publisher, distributor, etc. Distributed by Publishers Group West.
Date of publication, distribution, etc. c2011
264 #1 - PRODUCTION, PUBLICATION, DISTRIBUTION, MANUFACTURE, AND COPYRIGHT NOTICE
Place of production, publication, distribution, manufacture San Francisco :
Name of producer, publisher, distributor, manufacturer Children's Book Press,
Date of production, publication, distribution, manufacture, or copyright notice [2011]
264 #2 - PRODUCTION, PUBLICATION, DISTRIBUTION, MANUFACTURE, AND COPYRIGHT NOTICE
Place of production, publication, distribution, manufacture [Berkley, Calif.] :
Name of producer, publisher, distributor, manufacturer Distributed by Publishers Group West.
264 #4 - PRODUCTION, PUBLICATION, DISTRIBUTION, MANUFACTURE, AND COPYRIGHT NOTICE
Date of production, publication, distribution, manufacture, or copyright notice c2011
300 ## - PHYSICAL DESCRIPTION
Extent 31 pages :
Other physical details color illustrations ;
Dimensions 26 cm
336 ## - CONTENT TYPE
Content type term text
Content type code txt
Source rdacontent
337 ## - MEDIA TYPE
Media type term unmediated
Media type code n
Source rdamedia
338 ## - CARRIER TYPE
Carrier type term volume
Carrier type code nc
Source rdacarrier
520 ## - SUMMARY, ETC.
Summary, etc. Marisol McDonald, a biracial, nonconformist, soccer-playing pirate-princess with brown skin and red hair, celebrates her uniqueness.
520 ## - SUMMARY, ETC.
Summary, etc. Marisol McDonald es una ni�a biracial, incomformista, futbolista, princesa pirata de piel morena y pelirroja, celebra su singularidad.
521 8# - TARGET AUDIENCE NOTE
Target audience note AD 580
Source Lexile
526 0# - STUDY PROGRAM INFORMATION NOTE
Program name Accelerated Reader
Interest level LG
Reading level 2.8
Title point value 0.5
Public note 146488SP
546 ## - LANGUAGE NOTE
Language note Text in English and Spanish.
650 #0 - SUBJECT ADDED ENTRY--TOPICAL TERM
Topical term or geographic name as entry element Individuality
Form subdivision Juvenile fiction.
650 #0 - SUBJECT ADDED ENTRY--TOPICAL TERM
Topical term or geographic name as entry element Racially mixed people
Form subdivision Juvenile fiction.
650 #0 - SUBJECT ADDED ENTRY--TOPICAL TERM
Topical term or geographic name as entry element Hispanic Americans
Form subdivision Juvenile fiction.
650 #0 - SUBJECT ADDED ENTRY--TOPICAL TERM
Topical term or geographic name as entry element Peruvian Americans
Form subdivision Juvenile fiction.
650 #7 - SUBJECT ADDED ENTRY--TOPICAL TERM
Topical term or geographic name as entry element Peruano-americanos
Form subdivision Novela juvenil.
Source of heading or term local
650 #7 - SUBJECT ADDED ENTRY--TOPICAL TERM
Topical term or geographic name as entry element Individualidad
Form subdivision Novela juvenil.
Source of heading or term bidex
650 #7 - SUBJECT ADDED ENTRY--TOPICAL TERM
Topical term or geographic name as entry element Gente de raza mezclada
Form subdivision Novela juvenil.
Source of heading or term local
650 #7 - SUBJECT ADDED ENTRY--TOPICAL TERM
Topical term or geographic name as entry element Hispanoestadounidenses
Form subdivision Novela juvenil.
Source of heading or term bidex
700 1# - ADDED ENTRY--PERSONAL NAME
Personal name Palacios, Sara,
Relator term illustrator.
942 ## - ADDED ENTRY ELEMENTS (KOHA)
Koha item type Libro/Book
Source of classification or shelving scheme Dewey Decimal Classification
Holdings
Withdrawn status Lost status Damaged status Not for loan Home library Current library Shelving location Date acquired Inventory number Total Checkouts Full call number Barcode Checked out Date last seen Date checked out Price effective from Koha item type
        San Juan Del Sur -- Biblioteca San Juan Del Sur -- Biblioteca Children's Area 29/06/2017 Checked out from 2021- Feb 2025 8 CAJA BILINGUE 30007394 23/06/2021 19/05/2021 19/05/2021 29/06/2017 Libro/Book

Powered by Koha